MyGZULibrary

No more plastic balls : (Record no. 5574)

MARC details
000 -LEADER
fixed length control field 01016nam a22003377a 4500
001 - CONTROL NUMBER
control field 12615165
003 - CONTROL NUMBER IDENTIFIER
control field GZU
005 - DATE AND TIME OF LATEST TRANSACTION
control field 20230109103355.0
008 - FIXED-LENGTH DATA ELEMENTS--GENERAL INFORMATION
fixed length control field 011011r20012000rh 000 0 eng
010 ## - LIBRARY OF CONGRESS CONTROL NUMBER
LC control number 2001311592
020 ## - INTERNATIONAL STANDARD BOOK NUMBER
International Standard Book Number 1779003862
022 ## - INTERNATIONAL STANDARD SERIAL NUMBER
International Standard Serial Number 1779003862
035 ## - SYSTEM CONTROL NUMBER
System control number (DLC) 2001311592
040 ## - CATALOGING SOURCE
Original cataloging agency DLC
Transcribing agency DLC
042 ## - AUTHENTICATION CODE
Authentication code lcode
050 00 - LIBRARY OF CONGRESS CALL NUMBER
Classification number PL9390.8
Item number CHI 2000
245 00 - TITLE STATEMENT
Title No more plastic balls :
Remainder of title new voices in the Zimbabwean short story /
Statement of responsibility, etc. selected and edited by Clement Chihota and Robert Muponde.
260 ## - PUBLICATION, DISTRIBUTION, ETC.
Place of publication, distribution, etc. Harare, Zimbabwe :
Name of publisher, distributor, etc. College Press,
Date of publication, distribution, etc. 2000
Date of manufacture (2001 printing)
300 ## - PHYSICAL DESCRIPTION
Extent 235pages. ;
Dimensions 21 cm.
490 1# - SERIES STATEMENT
Series statement Modern writers
500 ## - GENERAL NOTE
General note Short stories
504 ## - BIBLIOGRAPHY, ETC. NOTE
Bibliography, etc. note n/a
505 ## - FORMATTED CONTENTS NOTE
Formatted contents note n/a
520 ## - SUMMARY, ETC.
Summary, etc. n/a
700 1# - ADDED ENTRY--PERSONAL NAME
Personal name Chihota, C.
Fuller form of name (Clement)
700 1# - ADDED ENTRY--PERSONAL NAME
Personal name Muponde, Robert.
830 #0 - SERIES ADDED ENTRY--UNIFORM TITLE
Uniform title Modern writers (Harare, Zimbabwe)
906 ## - LOCAL DATA ELEMENT F, LDF (RLIN)
a 7
b cbc
c origode
d 3
e ncip
f 20
g y-gencatlg
942 ## - ADDED ENTRY ELEMENTS (KOHA)
Source of classification or shelving scheme Library of Congress Classification
Koha item type Books
Item part 9390.8
Call number prefix CHI
Call number suffix PL
Holdings
Withdrawn status Lost status Source of classification or shelving scheme Damaged status Not for loan Collection code Home library Current library Shelving location Date acquired Total Checkouts Full call number Barcode Date last seen Date last checked out Copy number Price effective from Koha item type Source of acquisition Total Renewals Date due
    Library of Congress Classification     Fiction City Campus Library City Campus Library General Stacks 04/08/2021 1 PR9390.8 CHI 2000 G22384 09/27/2025 09/12/2025 c.1 04/08/2021 Books      
    Library of Congress Classification     Fiction Mashava Campus Library Mashava Campus Library General Stacks 01/09/2023 10 PR9390.8 CHI 2000 032443 04/29/2026 04/29/2026 c. 2 01/09/2023 Books Replacement copy for The Sacred River (032443) 1 05/08/2026